Library of the University of Algiers 3
Ibrahim Sultan Cheibout
شعار جامعة الجزائر 3
مكتبة جامعة الجزائر 3
إبراهيم سلطان شيبوط

تطور الفكر الإقتصادي / (رقم التسجيلة. 42395)

تفاصيل مارك
000 -LEADER
fixed length control field 01443nam a2200217Ia 4500
003 - CONTROL NUMBER IDENTIFIER
control field Ost
005 - DATE AND TIME OF LATEST TRANSACTION
control field 20260507075031.0
008 - FIXED-LENGTH DATA ELEMENTS--GENERAL INFORMATION
fixed length control field 260507s9999||||xx |||||||||||||| ||und||
040 ## - CATALOGING SOURCE
Transcribing agency fsecg
041 ## - LANGUAGE CODE
Language code of text/sound track or separate title ara
082 ## - DEWEY DECIMAL CLASSIFICATION NUMBER
Classification number 330
100 ## - MAIN ENTRY--PERSONAL NAME
Personal name أحمد، عبد الرحمن يسري
Relator term مؤلف
245 #0 - TITLE STATEMENT
Title تطور الفكر الإقتصادي /
Statement of responsibility, etc. عبد الرحمن يسري أحمد
260 ## - PUBLICATION, DISTRIBUTION, ETC.
Place of publication, distribution, etc. الإسكندرية:
Name of publisher, distributor, etc. الدار الجامعية,
Date of publication, distribution, etc. 2003
300 ## - PHYSICAL DESCRIPTION
Extent 480 صفحة؛
Other physical details إيضاحات ؛
Dimensions 24 سم
520 ## - SUMMARY, ETC.
Summary, etc. الفكر الإقتصادي في عصر الإغريق، الفكر الإقتصادي الغربي في العصور الوسطى، قواعد الفكر الإقتصادي الإسلامي، عصر الرأسمالية التجارية، التمهيد العلمي الإقتصادي السياسي، تأسيس المدرسة الكلاسيكية، الإتجاهات الإشتراكية والتاريخية في علم الإقتصاد خلال القرن 19 كال ماركس والفكر الإشتراكي العلمي، المدرسة النيوكلاسيكية، المدرسة الامريكية بين المنهجين التقليدية والمؤسسية أواخر القرن التاسع عشر وأوائل القرن العشرين
653 ## - INDEX TERM--UNCONTROLLED
Uncontrolled term الإقتصاد
653 ## - INDEX TERM--UNCONTROLLED
Uncontrolled term التطور الإقتصادي
653 ## - INDEX TERM--UNCONTROLLED
Uncontrolled term المذاهب الإقتصادية
942 ## - ADDED ENTRY ELEMENTS (KOHA)
Koha item type كتب
المقتنيات
Withdrawn status Lost status Source of classification or shelving scheme Damaged status Not for loan Home library Current library Date acquired Serial enumeration / chronology Inventory number Total checkouts Full call number Barcode Date last seen Price effective from Koha item type
    Dewey Decimal Classification   NOT LOAN / إعارة داخلية مكتبة كلية العلوم الإقتصادية والعلوم التجارية وعلوم التسيير مكتبة كلية العلوم الإقتصادية والعلوم التجارية وعلوم التسيير 07/05/2026 الطابق الأرضي 1/237   أ/237ن1 1/237 07/05/2026 07/05/2026 كتب
    Dewey Decimal Classification   Available مكتبة كلية العلوم الإقتصادية والعلوم التجارية وعلوم التسيير مكتبة كلية العلوم الإقتصادية والعلوم التجارية وعلوم التسيير 07/05/2026 الطابق الثاني 2/237   أ/237ن2 2/237 07/05/2026 07/05/2026 كتب

موارد الويب المفتوحة


© University of Algiers 3 All Rights Reserved
|
Implemented by LECHELAH Riad